| 000 | 00869nam a2200205Ia 4500 | ||
|---|---|---|---|
| 999 |
_c39806 _d39806 |
||
| 001 | 6411 | ||
| 003 | GE_BSU | ||
| 005 | 20190621161845.0 | ||
| 008 | 181216s1977||||ge |||||||||||||| ||geo|| | ||
| 041 | _ageo | ||
| 080 | _a621.3(076.5) კ-76 | ||
| 100 |
_aკოტია,ა. _92744 |
||
| 245 |
_aელექტროტექნიკა (ლაბორატორიული სამუშაოები) : _bდამხმ. სახელმძღვ. / _cა.კოტია ; რედ : ე. კირვალიძე. |
||
| 264 |
_aთბილისი : _bსპი, _c1977. |
||
| 300 |
_a177 გვ .: _bნახაზ ; _c20 სმ. |
||
| 504 | _aბიბლიოგრ : გვ.175 | ||
| 653 | _aელექტროტექნიკა | ||
| 700 |
_aკირვალიძე, ე _eრედაქტორი _92745 |
||
| 942 |
_cBK _2udc |
||